Szczyty Polski - Statystyki

Ogólne statystyki
  • Ten quiz został rozwiązany 62 razy
  • Średni wynik to 8 z 28
Statystyki odpowiedzi
Pasmo Górskie m.n.p.m. Szczyt % Poprawnych
Tatry 2499 Rysy
100%
Karkonosze 1603 Śnieżka
98%
Beskid Żywiecki 1725 Babia Góra
85%
BIeszczady 1346 Tarnica
68%
Masyw Śnieżnika 1426 Śnieżnik
66%
Góry Świętokrzyskie 614 Łysica
59%
Masyw Ślęży 718 Ślęża
56%
Gorce 1310 Turbacz
39%
Góry Sowie 1015 Wielka Sowa
34%
Beskid Śląski 1257 Skrzyczne
32%
Pieniny 1050 Wysokie Skałki
29%
Beskid Sądecki 1266 Radziejowa
24%
Beskid Wyspowy 1171 Mogielica
20%
Góry Orlickie 1084 Orlica
20%
Góry Stołowe 919 Szczeliniec Wielki
20%
Beskid Mały 933 Czupel
17%
Beskid Niski 997 Lackowa
17%
Góry Izerskie 1126 Wysoka Kopa
12%
Rudawy Janowickie 945 Skalnik
7%
Góry Kamienne 936 Waligóra
7%
Góry Opawskie 889 Biskupia Kopa
5%
Góry Bystrzyckie 977 Jagodna
5%
Góry Kaczawskie 724 Skopiec
5%
Góry Wałbrzyskie 853 Borowa
2%
Góry Bardzkie 757 Kłodzka Góra
2%
Góry Sanocko-Turczańskie 909 Jaworniki
0%
Góry Złote 872 Jawornik Wielki
0%
Beskid Makowski 904 Lubomir
0%
Nie znaleziono quizów pasujących do podanych kryteriów
Rozkład punktacji
Procent ludzi z każdym wynikiem
Percentyl według liczby udzielonych odpowiedzi
Twoja historia wyników
Nie rozwiązałeś tego quizu